Crossroads (Record no. 57926)
[ view plain ]
| 000 -LEADER | |
|---|---|
| fixed length control field | 01435nam a2200361Ia 4500 |
| 100 1# - MAIN ENTRY--AUTHOR NAME | |
| Personal name | Baker, Jim |
| 245 10 - TITLE STATEMENT | |
| Title | Crossroads |
| 250 ## - EDITION STATEMENT | |
| Edition statement | Fully updated 2nd ed. |
| 260 ## - PUBLICATION, DISTRIBUTION, ETC. (IMPRINT) | |
| Place of publication | Singapore : |
| Name of publisher | Marshall Cavendish Editions ; |
| Place of publication | Tarrytown, N.Y. : |
| Name of publisher | Marshall Cavendish Corp., |
| Year of publication | c2008. |
| 300 ## - PHYSICAL DESCRIPTION | |
| Number of Pages | 456 p. : |
| Other physical details | ill., maps. |
| 650 #0 - SUBJECT ADDED ENTRY--TOPICAL TERM | |
| Topical Term | History |
| Topical Term | History |
| 856 40 - ELECTRONIC LOCATION AND ACCESS | |
| Uniform Resource Identifier | http://site.ebrary.com/lib/rucke/Doc?id=10676008 |
No items available.
